| 000 | 01043nam a2200241Ia 4500 | ||
|---|---|---|---|
| 003 | Ost | ||
| 005 | 20260507074943.0 | ||
| 008 | 260507s9999||||xx |||||||||||||| ||und|| | ||
| 020 | _a9957466674 | ||
| 040 | _cfsecg | ||
| 041 | _aara | ||
| 082 | _a339 | ||
| 100 |
_aخلف، فليح خلف _eمؤلف |
||
| 245 | 0 |
_aالاقتصاد الكلي / _c فليح خلف خلف |
|
| 260 |
_aعمان: _bعالم الكتب الحديث, _c2006 |
||
| 300 |
_a486 صفحة؛ _c24 سم |
||
| 520 | _aينقسم الكتاب إلى جزئين : الجزء الاول يدرس جوانب الإقتصاد الكلي و الدخل القومي، أما الجزء الثاني فيتطرق للجوانب المتصلة بالإقتصاد الكلي و الدخل القومي كالبنوك و النقود و المالية العامة و التضخم و أسعار الصرف و غيرها | ||
| 653 | _aاقتصاد كلي | ||
| 653 | _aالبنوك | ||
| 653 | _aالتضخم | ||
| 653 | _aالدخل القومي | ||
| 942 | _cكتاب | ||
| 999 |
_c41947 _d41947 |
||